Normal view
MARC view
- SMITH, J.H,HAGAMAN, A.P,DURELL, T.J
Entry Personal Name
001 - CONTROL NUMBER
- control field: 59944
003 - CONTROL NUMBER IDENTIFIER
- control field: NUST
005 - DATE AND TIME OF LATEST TRANSACTION
- control field: 20210628202439.0
008 - FIXED-LENGTH DATA ELEMENTS
- fixed length control field: 210628|| aca||aabn | a|a d
040 ## - CATALOGING SOURCE
- Original cataloging agency: NUST
- Transcribing agency: NUST
100 ## - HEADING--PERSONAL NAME
- Personal name: SMITH, J.H,HAGAMAN, A.P,DURELL, T.J
670 ## - SOURCE DATA FOUND
- Source citation: Work cat.: (NUST): SMITH, J.H,HAGAMAN, A.P,DURELL, T.J, ARITHEMATIC FOR TODAY - 6, 1960
